[Event "Manizales op 30th"]
[Site "Manizales"]
[Date "2025.01.10"]
[Round "4"]
[White "Rodriguez Zuluaga, Gabriel Andres"]
[Black "Calle, Edwin Fernando"]
[Result "0-1"]
[WhiteElo "1748"]
[BlackElo "1930"]
[PlyCount "88"]
[EventDate "2025.01.08"]
[EventType "tourn"]
[EventRounds "7"]
[EventCountry "COL"]
[SourceTitle "CB03_2025"]
[SourceDate "2025.01.15"]
[SourceVersion "1"]
[SourceVersionDate "2025.01.15"]
[SourceQuality "1"]

1. d4 Nf6 2. Nf3 e6 3. e3 b6 4. b3 Bb7 5. Bd3 Be7 6. Bb2 0-0 7. Nbd2 d5 8. 0-0 a5 9. Re1 Nbd7 10. Ne5 c5 11. Qf3 Qc7 12. Qh3 Nxe5 13. dxe5 Ne4 14. f3 Ng5 15. Qg4 h6 16. Nf1 a4 17. h4 Nh7 18. Ng3 Kh8 19. Nh5 Rg8 20. Qf4 a3 21. Bc3 c4 22. bxc4 dxc4 23. Bf1 Bc5 24. Rad1 b5 25. Rd6 Bxd6 26. exd6 Qd7 27. Qxh6 f6 28. Bxf6 gxf6 29. Nxf6 Qg7 30. Nxg8 Rxg8 31. Qxg7+ Rxg7 32. e4 Nf6 33. Kf2 Bc6 34. g4 Ra7 35. Bh3 Bd7 36. g5 Ne8 37. e5 Ng7 38. Re4 Ra4 39. Bg4 Rb4 40. Re3 Ra4 41. h5 Kh7 42. h6 Ne8 43. Bh5 b4 44. Re4 b3 0-1

[Event "Manizales op 30th"]
[Site "Manizales"]
[Date "2025.01.09"]
[Round "2"]
[White "Duran Lopez, Arlesc"]
[Black "Calle, Edwin Fernando"]
[Result "1-0"]
[WhiteElo "1740"]
[BlackElo "1930"]
[PlyCount "101"]
[EventDate "2025.01.08"]
[EventType "tourn"]
[EventRounds "7"]
[EventCountry "COL"]
[SourceTitle "CB03_2025"]
[SourceDate "2025.01.15"]
[SourceVersion "1"]
[SourceVersionDate "2025.01.15"]
[SourceQuality "1"]

1. e4 e5 2. Nf3 Nf6 3. Nxe5 d6 4. Nf3 Nxe4 5. Nc3 Nxc3 6. dxc3 Be7 7. Be3 Nd7 8. Qd2 Nf6 9. 0-0-0 0-0 10. Bd3 c5 11. h3 Be6 12. Qe2 a6 13. g4 Qa5 14. a3 Rfe8 15. Nh4 Nd5 16. Nf5 Nxe3 17. Nxe7+ Rxe7 18. Qxe3 Rae8 19. Qg3 c4 20. Bf5 Bxf5 21. gxf5 Qxf5 22. Qxd6 g6 23. Qd5 Qf4+ 24. Kb1 b5 25. Qd4 Qf5 26. Qg4 Qxf2 27. Rhf1 Qe2 28. Qg5 Re5 29. Qf6 Rf5 30. Rxf5 Qxd1+ 31. Ka2 gxf5 32. Qg5+ Kf8 33. Qh6+ Ke7 34. Qe3+ Kd7 35. Qa7+ Kd8 36. Qb6+ Ke7 37. Qe3+ Kf6 38. Qh6+ Ke5 39. Qe3+ Kd5 40. Qxe8 Qxc2 41. Qxf7+ Ke5 42. Qxh7 Qb3+ 43. Kb1 Qd1+ 44. Ka2 f4 45. Qe7+ Kf5 46. Qf7+ Ke4 47. Qe6+ Kd3 48. Qf5+ Kd2 49. Qxf4+ Kc2 50. Qf2+ Kc1 51. Qe3+ 1-0

[Event "Manizales op 28th"]
[Site "Manizales"]
[Date "2023.01.07"]
[Round "4"]
[White "Espitia Martinez, Jhon"]
[Black "Calle, Edwin Fernando"]
[Result "0-1"]
[WhiteElo "1240"]
[BlackElo "1890"]
[PlyCount "86"]
[EventDate "2023.01.05"]
[EventType "swiss"]
[EventRounds "8"]
[EventCountry "COL"]
[SourceTitle "CBM 212 Extra"]
[Source "ChessBase"]
[SourceDate "2023.03.31"]
[SourceVersion "1"]
[SourceVersionDate "2023.03.31"]
[SourceQuality "1"]

1. e4 e5 2. Nf3 Nf6 3. Nc3 Bb4 4. Nxe5 Qe7 5. f4 d6 6. Nf3 Bxc3 7. bxc3 Qxe4+ 8. Qe2 0-0 9. Qxe4 Nxe4 10. Be2 Re8 11. Bb2 Nc6 12. d3 Nc5 13. a4 Bf5 14. Kd2 a5 15. Nh4 Bd7 16. Bf3 Ne7 17. Rhb1 Rab8 18. Ba3 b6 19. Bxc5 dxc5 20. c4 h6 21. g4 g5 22. Ng2 Ng6 23. f5 Ne5 24. Ne1 Re7 25. h3 Rbe8 26. Kc3 Nxf3 27. Nxf3 Bc6 28. Nd2 Re3 29. Nb3 Rxh3 30. Re1 Rhe3 31. Rxe3 Rxe3 32. Rg1 Bxa4 33. Kd2 Re8 34. Nc1 Bc6 35. Ne2 Kg7 36. Nc3 Re5 37. Rf1 h5 38. gxh5 Kh6 39. Nb5 Bxb5 40. cxb5 Kxh5 41. f6 Kg6 42. Kc3 Rf5 43. Re1 Rxf6 0-1

[Event "COL Subzt 2.3.4"]
[Site "Risarald"]
[Date "2021.11.25"]
[Round "5"]
[White "Calle, Edwin Fernando"]
[Black "Torres, Jorge Emilio"]
[Result "0-1"]
[WhiteElo "1887"]
[BlackElo "2049"]
[PlyCount "30"]
[EventDate "2021.11.23"]
[EventType "swiss"]
[EventRounds "9"]
[EventCountry "COL"]
[SourceTitle "CBM 205 Extra"]
[Source "ChessBase"]
[SourceDate "2022.01.31"]
[SourceVersion "1"]
[SourceVersionDate "2022.01.31"]
[SourceQuality "1"]

1. e4 c6 2. d4 d5 3. exd5 cxd5 4. c4 Nf6 5. Nc3 g6 6. Nf3 Bg7 7. Bf4 a6 8. c5 0-0 9. Bd3 Bg4 10. h3 Bxf3 11. Qxf3 Nc6 12. Qe3 Nh5 13. Ne2 Qa5+ 14. Qd2 Nxf4 15. Qxa5 Nxd3+ 0-1

[Event "Caldense-ch"]
[Site "Manizales"]
[Date "2017.10.28"]
[Round "5"]
[White "Calle, Edwin Fernando"]
[Black "Restrepo, Hugo"]
[Result "1-0"]
[WhiteElo "1922"]
[BlackElo "1724"]
[PlyCount "82"]
[EventDate "2017.10.26"]
[EventType "swiss"]
[EventRounds "8"]
[EventCountry "COL"]
[SourceTitle "CBM 181 Extra"]
[Source "ChessBase"]
[SourceDate "2017.12.12"]
[SourceVersion "1"]
[SourceVersionDate "2017.12.12"]
[SourceQuality "1"]

1. e4 c5 2. Nf3 e6 3. d3 Nc6 4. c3 Nf6 5. g3 Be7 6. Bg2 0-0 7. 0-0 d5 8. exd5 exd5 9. Re1 Be6 10. Nbd2 h6 11. Nb3 Rc8 12. Bf4 Qd7 13. Qe2 Rfe8 14. Ne5 Nxe5 15. Bxe5 Ng4 16. Bf4 g5 17. Bd2 Nf6 18. f4 Nh7 19. Qf2 b6 20. d4 c4 21. Nc1 Bf5 22. Re5 Nf6 23. fxg5 Ng4 24. Qxf5 Nxe5 25. Qxd7 Nxd7 26. gxh6 Nf6 27. Ne2 Ne4 28. Bf4 b5 29. a3 a5 30. Bh3 Ra8 31. Bd7 Rab8 32. Bxb8 Rxb8 33. Nf4 b4 34. Nxd5 bxc3 35. bxc3 Bg5 36. Bf5 Nxc3 37. h7+ Kg7 38. Nxc3 Be3+ 39. Kg2 Bxd4 40. Rc1 Kf6 41. g4 Kg5 1-0

[Event "Manizales op 26th"]
[Site "Manizales"]
[Date "2017.01.08"]
[Round "8"]
[White "Nieto Medina, Agustin"]
[Black "Calle, Edwin Fernando"]
[Result "1-0"]
[WhiteElo "2019"]
[BlackElo "1825"]
[PlyCount "73"]
[EventDate "2017.01.04"]
[EventType "swiss"]
[EventRounds "9"]
[EventCountry "COL"]
[SourceTitle "CBM 176 Extra"]
[Source "ChessBase"]
[SourceDate "2017.03.02"]
[SourceVersion "1"]
[SourceVersionDate "2017.03.02"]
[SourceQuality "1"]

1. e4 e5 2. Nf3 Nf6 3. d4 Nxe4 4. dxe5 d5 5. exd6 Nxd6 6. Bd3 Nc6 7. h3 Be7 8. Nc3 0-0 9. 0-0 Nf5 10. a3 Nfd4 11. Be3 Nxf3+ 12. Qxf3 Ne5 13. Bxh7+ Kxh7 14. Qh5+ Kg8 15. Qxe5 Bf6 16. Qg3 Bf5 17. Rad1 Qe8 18. Bc5 Be5 19. Qg5 Bxc2 20. Rde1 f6 21. Qd2 Qg6 22. Bxf8 Rxf8 23. f4 Bd6 24. Qd5+ Kh8 25. Ne4 Bxe4 26. Qxe4 Qxe4 27. Rxe4 Bc5+ 28. Kh2 Rd8 29. Rfe1 Rd2 30. R1e2 Rd1 31. g4 Kh7 32. h4 Bd6 33. g5 f5 34. Re8 Bxf4+ 35. Kg2 Kg6 36. Kf3 Bd6 37. R2e6+ 1-0